Random Country to Shape or Flag - Statistics

General Stats
  • This quiz has been taken 107 times
  • The average score is 28 of 40
Answer Stats
Picture Answer % Correct
Albania
100%
Algeria
100%
Angola
100%
Angola
100%
Argentina
100%
Australia
100%
Belarus
100%
Belgium
100%
Belgium
100%
Belize
100%
Benin
100%
Bhutan
100%
Botswana
100%
Botswana
100%
Brazil
100%
Brunei
100%
Bulgaria
100%
Cameroon
100%
Canada
100%
Chad
100%
Chile
100%
China
100%
China
100%
Comoros
100%
Croatia
100%
Cyprus
100%
Cyprus
100%
Denmark
100%
Estonia
100%
Ethiopia
100%
Fiji
100%
Finland
100%
Finland
100%
France
100%
Germany
100%
Ghana
100%
Greece
100%
Guinea-Bissau
100%
Guyana
100%
Iceland
100%
Iceland
100%
India
100%
Indonesia
100%
Indonesia
100%
Iran
100%
Iran
100%
Iraq
100%
Israel
100%
Italy
100%
Italy
100%
Ivory Coast
100%
Jamaica
100%
Japan
100%
Japan
100%
Kazakhstan
100%
Kenya
100%
Kiribati
100%
Kosovo
100%
Kyrgyzstan
100%
Laos
100%
Latvia
100%
Lebanon
100%
Liberia
100%
Libya
100%
Libya
100%
Liechtenstein
100%
Lithuania
100%
Madagascar
100%
Mali
100%
Mauritania
100%
Mexico
100%
Mexico
100%
Moldova
100%
Mongolia
100%
Montenegro
100%
Morocco
100%
Nepal
100%
Nepal
100%
Netherlands
100%
New Zealand
100%
Nicaragua
100%
Niger
100%
Nigeria
100%
North Korea
100%
North Macedonia
100%
Norway
100%
Norway
100%
Oman
100%
Pakistan
100%
Panama
100%
Papua New Guinea
100%
Paraguay
100%
Philippines
100%
Poland
100%
Portugal
100%
Portugal
100%
Republic of the Congo
100%
Romania
100%
Russia
100%
Rwanda
100%
Saint Lucia
100%
Saint Lucia
100%
Saint Vincent and the Grenadines
100%
Sao Tome and Principe
100%
Saudi Arabia
100%
Singapore
100%
Singapore
100%
Slovenia
100%
Somalia
100%
South Africa
100%
South Africa
100%
South Sudan
100%
Sri Lanka
100%
Sri Lanka
100%
Sudan
100%
Switzerland
100%
Syria
100%
Taiwan
100%
Tajikistan
100%
Tanzania
100%
Tanzania
100%
Thailand
100%
Tonga
100%
Turkey
100%
Turkey
100%
Tuvalu
100%
Uganda
100%
Ukraine
100%
Ukraine
100%
United Kingdom
100%
United States
100%
United States
100%
Uzbekistan
100%
Uzbekistan
100%
Vatican City
100%
Vietnam
100%
Yemen
100%
Yemen
100%
Zambia
100%
Chile
89%
Trinidad and Tobago
89%
Monaco
86%
Thailand
86%
Burkina Faso
83%
Colombia
83%
Czech Republic
83%
Egypt
83%
Honduras
83%
Hungary
83%
Ireland
83%
Madagascar
83%
Peru
83%
Qatar
83%
Serbia
83%
Somalia
83%
Bahamas
80%
Bangladesh
80%
Bolivia
80%
Eritrea
80%
Gabon
80%
Greece
80%
Kosovo
80%
Mozambique
80%
Palau
80%
Romania
80%
Senegal
80%
South Korea
80%
Suriname
80%
Sweden
80%
Tunisia
80%
Antigua and Barbuda
75%
Argentina
75%
Australia
75%
Austria
75%
Austria
75%
Azerbaijan
75%
Barbados
75%
Bosnia and Herzegovina
75%
Burundi
75%
Canada
75%
Cuba
75%
Cuba
75%
East Timor
75%
Gabon
75%
Guinea-Bissau
75%
Honduras
75%
Iraq
75%
Jordan
75%
Kiribati
75%
Lesotho
75%
Lithuania
75%
Malaysia
75%
Mali
75%
Marshall Islands
75%
Mauritania
75%
Monaco
75%
Mozambique
75%
Nigeria
75%
Papua New Guinea
75%
Peru
75%
Russia
75%
Serbia
75%
Slovakia
75%
Slovenia
75%
Spain
75%
Sweden
75%
Taiwan
75%
Togo
75%
Algeria
71%
Colombia
71%
India
71%
Malta
71%
San Marino
71%
Spain
71%
Zambia
71%
Albania
67%
Andorra
67%
Bahrain
67%
Burkina Faso
67%
Croatia
67%
Dominican Republic
67%
El Salvador
67%
Equatorial Guinea
67%
Ethiopia
67%
Georgia
67%
Guyana
67%
Israel
67%
Jordan
67%
Kuwait
67%
Liberia
67%
Moldova
67%
Namibia
67%
Pakistan
67%
Philippines
67%
Samoa
67%
Slovakia
67%
Solomon Islands
67%
Sudan
67%
Tajikistan
67%
Tunisia
67%
Turkmenistan
67%
United Arab Emirates
67%
Vanuatu
67%
Venezuela
67%
Zimbabwe
67%
Zimbabwe
67%
Namibia
63%
Antigua and Barbuda
60%
Benin
60%
Cambodia
60%
Democratic Republic of the Congo
60%
Egypt
60%
Eswatini
60%
F.S. Micronesia
60%
Haiti
60%
Kyrgyzstan
60%
Laos
60%
Luxembourg
60%
Malawi
60%
Mauritius
60%
North Korea
60%
Samoa
60%
Sao Tome and Principe
60%
Sierra Leone
60%
United Kingdom
60%
Venezuela
60%
Belarus
57%
South Korea
57%
Gambia
56%
Nauru
56%
Bolivia
50%
Bosnia and Herzegovina
50%
Brazil
50%
Cambodia
50%
Cape Verde
50%
Cape Verde
50%
Chad
50%
Costa Rica
50%
Czech Republic
50%
Democratic Republic of the Congo
50%
Denmark
50%
East Timor
50%
Ecuador
50%
Ecuador
50%
Equatorial Guinea
50%
Eritrea
50%
Fiji
50%
France
50%
F.S. Micronesia
50%
Georgia
50%
Germany
50%
Grenada
50%
Grenada
50%
Guatemala
50%
Guatemala
50%
Guinea
50%
Haiti
50%
Hungary
50%
Jamaica
50%
Latvia
50%
Malawi
50%
Malaysia
50%
Maldives
50%
Marshall Islands
50%
Mongolia
50%
Montenegro
50%
Netherlands
50%
New Zealand
50%
Niger
50%
Palau
50%
Paraguay
50%
Poland
50%
Qatar
50%
Saint Kitts and Nevis
50%
Saint Kitts and Nevis
50%
Saint Vincent and the Grenadines
50%
Senegal
50%
Seychelles
50%
Switzerland
50%
Tonga
50%
Turkmenistan
50%
Tuvalu
50%
Uruguay
50%
Vietnam
50%
Azerbaijan
43%
Vanuatu
43%
Andorra
40%
Bahamas
40%
Costa Rica
40%
Estonia
40%
Eswatini
40%
Guinea
40%
Lebanon
40%
Maldives
40%
Morocco
40%
Saudi Arabia
40%
Afghanistan
33%
Bahrain
33%
Brunei
33%
Bulgaria
33%
Central African Republic
33%
Central African Republic
33%
Comoros
33%
Djibouti
33%
Dominican Republic
33%
Gambia
33%
Kazakhstan
33%
Kenya
33%
Nicaragua
33%
North Macedonia
33%
Panama
33%
Republic of the Congo
33%
Seychelles
33%
Syria
33%
Togo
33%
Vatican City
33%
Belize
29%
Burundi
29%
South Sudan
25%
Bangladesh
20%
Barbados
20%
Bhutan
20%
Djibouti
20%
Lesotho
20%
Mauritius
20%
Malta
17%
Afghanistan
0%
Armenia
0%
Armenia
0%
Cameroon
0%
Dominica
0%
Dominica
0%
El Salvador
0%
Ghana
0%
Ireland
0%
Ivory Coast
0%
Kuwait
0%
Liechtenstein
0%
Luxembourg
0%
Myanmar
0%
Myanmar
0%
Nauru
0%
Oman
0%
Rwanda
0%
San Marino
0%
Sierra Leone
0%
Solomon Islands
0%
Suriname
0%
Trinidad and Tobago
0%
Uganda
0%
United Arab Emirates
0%
Uruguay
0%
No matching quizzes found
Score Distribution
Percent of People with Each Score
Percentile by Number Answered
Your Score History
You have not taken this quiz